India 1986: a reference annual (Record no. 201143)

MARC details
000 -LEADER
fixed length control field 00417nam a2200181Ia 4500
008 - FIXED-LENGTH DATA ELEMENTS--GENERAL INFORMATION
fixed length control field 150901s9999 xx 000 0 und d
041 ## - LANGUAGE CODE
Language code of text/sound track or separate title English
082 ## - DEWEY DECIMAL CLASSIFICATION NUMBER
Item number IND
100 ## - MAIN ENTRY--PERSONAL NAME
Personal name Govt of India
100 ## - MAIN ENTRY--PERSONAL NAME
Relator term Editor
245 ## - TITLE STATEMENT
Title India 1986: a reference annual
260 ## - PUBLICATION, DISTRIBUTION, ETC. (IMPRINT)
Place of publication, distribution, etc. New Delhi
260 ## - PUBLICATION, DISTRIBUTION, ETC. (IMPRINT)
Name of publisher, distributor, etc. Govt Of India
260 ## - PUBLICATION, DISTRIBUTION, ETC. (IMPRINT)
Date of publication, distribution, etc. 1987
300 ## - PHYSICAL DESCRIPTION
Extent 772 Pages
365 ## - TRADE PRICE
Price type code Rs.70
942 ## - ADDED ENTRY ELEMENTS (KOHA)
Koha item type Reference Book
Holdings
Withdrawn status Lost status Damaged status Not for loan Home library Current library Date acquired Cost, normal purchase price Total Checkouts Full call number Barcode Date last seen Price effective from Koha item type
        College of Agriculture, Vellanikkara College of Agriculture, Vellanikkara 28/02/2022 70.00   GR2 IND KAU_COA-22521 16/09/2015 16/09/2015 Reference Book
Kerala Agricultural University Central Library
Thrissur-(Dt.), Kerala Pin:- 680656, India
Ph : (+91)(487) 2372219
E-mail: librarian@kau.in
Website: http://library.kau.in/